01468nam a2200433 i 450000100060000000300090000600500170001500800390003201500180007102000150008904000280010404100080013204600090014008000110014908000120016010000410017224501090021325000230032226000430034530000350038833600270042333700550045033800280050538000160053338000270054938500390057638800140061538800140062950400260064365000280066965000280069765000310072565500300075665800340078670000390082071000340085985600980089385600430099153106KOSZ 00520210708122130.0980914s1998 pl a f f |000 0 pol aPB 1998/11545 a8301121939 aWA NcWA NdKOSZ 005/HR0 apol k1997 a658.15 a(075.8)1 aSierpińska, Mariad(1950 -)eAutor10aZarządzanie płynnością finansową w przedsiębiorstwie /cMaria Sierpińska, Dariusz Wędzki. a[Wyd. 1, dodr. 2]. aWarszawa :bWydaw. Naukowe PWN,c1998. a274, [3] s. :bwykr. ;c24 cm. 2rdacontentaTekstbtxt 2rdameidiaaBez urządzenia pośredniczącegobn 2rdacarrieraWoluminbnc aKsiążki aPublikacje dydaktyczne mPoziom nauczaniaaSzkoły wyższe a1901-2000 a1989-2000 aBibliogr. s. 271-273. 4aPłynność finansowa 4aZarządzanie finansami 4aFinanse przedsiębiorstwa 4aPodręczniki akademickie aGospodarka, ekonomia, finanse1 aWędzki, Dariuszd(1970- )eAutor2 aWydawnictwo Naukowe PWN4pbl. uhttp://koha.tu.koszalin.pl/cgi-bin/koha/opac-detail.pl?biblionumber=53106yKatalog online BPK uhttp://libra.ibuk.pl/book/219449yIBUK